Dirección estratégica / (Registro nro. 54300)
[ vista simple ]
| 000 -LEADER | |
|---|---|
| fixed length control field | 01229cam a2200337 i 4500 |
| 001 - CONTROL NUMBER | |
| control field | 54300 |
| 003 - CONTROL NUMBER IDENTIFIER | |
| control field | Mx-PuUPA |
| 005 - DATE AND TIME OF LATEST TRANSACTION | |
| control field | 20240410104044.0 |
| 008 - FIXED-LENGTH DATA ELEMENTS--GENERAL INFORMATION | |
| fixed length control field | 140415s2006 sp gr 001 0 spa d |
| 020 ## - INTERNATIONAL STANDARD BOOK NUMBER | |
| International Standard Book Number | 9788420546186 |
| 040 ## - CATALOGING SOURCE | |
| Original cataloging agency | Mx-PuUPA |
| Language of cataloging | spa |
| Transcribing agency | Mx-PuUPA |
| Modifying agency | Mx-PuUPA |
| Description conventions | rda |
| 041 1# - LANGUAGE CODE | |
| Language code of text/sound track or separate title | spa |
| Language code of original | eng |
| 100 1# - MAIN ENTRY--PERSONAL NAME | |
| Personal name | Johnson, Gerry, |
| Relator term | autor |
| 240 10 - UNIFORM TITLE | |
| Uniform title | Exploring corporate strategy: text & case. |
| Language of a work | Español |
| 245 10 - TITLE STATEMENT | |
| Title | Dirección estratégica / |
| Statement of responsibility, etc. | Gerry Johnson, Kevan Scholes, Richard Whittington ; traducción, Yago Moreno López |
| 250 ## - EDITION STATEMENT | |
| Edition statement | Séptima edición |
| 264 #4 - PRODUCTION, PUBLICATION, DISTRIBUTION, MANUFACTURE, AND COPYRIGHT NOTICE | |
| Place of production, publication, distribution, manufacture | Madrid, España : |
| Name of producer, publisher, distributor, manufacturer | Pearson Educación, |
| Date of production, publication, distribution, manufacture, or copyright notice | ©2006 |
| 300 ## - PHYSICAL DESCRIPTION | |
| Extent | xxvi, 685 páginas : |
| Other physical details | ilustraciones ; |
| Dimensions | 27 cm |
| 336 ## - CONTENT TYPE | |
| Fuente | rdacontent |
| Content type term | texto |
| Content type code | txt |
| 337 ## - MEDIA TYPE | |
| Source | rdamedia |
| Media type term | sin medio |
| Media type code | n |
| 338 ## - CARRIER TYPE | |
| Source | rdacarrier |
| Carrier type term | volumen |
| Carrier type code | nc |
| 650 #4 - SUBJECT ADDED ENTRY--TOPICAL TERM | |
| Topical term or geographic name entry element | Planificación empresarial |
| 650 #4 - SUBJECT ADDED ENTRY--TOPICAL TERM | |
| Topical term or geographic name entry element | Planificación estratégica |
| 650 #4 - SUBJECT ADDED ENTRY--TOPICAL TERM | |
| Topical term or geographic name entry element | Empresa |
| 700 1# - ADDED ENTRY--PERSONAL NAME | |
| Personal name | Scholes, Kevan, |
| Relator term | autor |
| 700 1# - ADDED ENTRY--PERSONAL NAME | |
| Personal name | Whittington, Richard, |
| Relator term | autor |
| 700 1# - ADDED ENTRY--PERSONAL NAME | |
| Personal name | Moreno López, Yago, |
| Relator term | traductor |
| 765 08 - ORIGINAL LANGUAGE ENTRY | |
| Main entry heading | Johnson, Gerry, |
| Title | Exploring corporate strategy: text & case. |
| International Standard Book Number | 0273687395 |
| 942 ## - ADDED ENTRY ELEMENTS (KOHA) | |
| Source of classification or shelving scheme | Dewey Decimal Classification |
| Koha item type | Libro |
| Classification part | 658.4012 |
| Item part | J65 |
| Suppress in OPAC | balv |
| Withdrawn status | Lost status | Source of classification or shelving scheme | Damaged status | Not for loan | Collection code | Home library | Current library | Shelving location | Date acquired | Source of acquisition | Total Checkouts | Full call number | Barcode | Date last seen | Date last checked out | Copy number | Price effective from | Koha item type | Total Renewals |
|---|---|---|---|---|---|---|---|---|---|---|---|---|---|---|---|---|---|---|---|
| Dewey Decimal Classification | General | Biblioteca Karol Wojtyla | Biblioteca Karol Wojtyla | Sala general | 03/12/2013 | Compra | 658.4012 J65 2006 | 76727 | 05/01/2026 | 11/04/2016 | Ej.3 | 03/12/2013 | Libro | ||||||
| Dewey Decimal Classification | General | Biblioteca Karol Wojtyla | Biblioteca Karol Wojtyla | Sala general | 03/12/2013 | Compra | 1 | 658.4012 J65 2006 | 81076 | 05/01/2026 | 28/02/2019 | Ej.2 | 03/12/2013 | Libro | |||||
| Dewey Decimal Classification | General | Biblioteca Karol Wojtyla | Biblioteca Karol Wojtyla | Sala general | 03/12/2013 | Compra | 658.4012 J65 2006 | 81074 | 05/01/2026 | 21/06/2016 | 03/12/2013 | Libro | |||||||
| Dewey Decimal Classification | General | Biblioteca Karol Wojtyla | Biblioteca Karol Wojtyla | Sala general | 03/12/2013 | Compra | 2 | 658.4012 J65 2006 | 81075 | 05/01/2026 | 13/03/2023 | Ej.4 | 03/12/2013 | Libro | 1 |